15 largest S. American Cities in 1 minute - Statistics

General Stats
  • This quiz has been taken 37 times
  • The average score is 10 of 15
Answer Stats
Initial letter City % Correct
B Bogota
100%
R Rio de Janeiro
100%
S Sao Paulo
100%
B Buenos Aires
94%
L Lima
94%
S Santiago
90%
B Brasilia
84%
M Medellin
65%
B Belo Horizonte
61%
F Fortaleza
55%
R Recife
52%
A Asuncion
45%
P Porto Alegre
39%
S Salvador
39%
C Curitiba
32%
No matching quizzes found
Score Distribution
Percent of People with Each Score
Percentile by Number Answered
Your Score History
You have not taken this quiz